000 00630nas a2200229 4500
001 BR8802798
003 BR-BrBNA
005 20231205091135.0
007 ta
008 230509b bl.|||p| |||| 00| 00por d
040 _aBR-BrBNA
_bpor
_cBiblioteca Nacional de Agricultura
041 _a(Pt)
072 _aM11
100 1 _aRibeiro, S.R.
245 1 _aCriacao: O negocio e truta
650 _aPISCICULTURA
650 _aREPRODUCAO ANIMAL
650 _aTRUTA
773 0 _tGlobo Rural (Brazil)
_xISSN 0102-6178
_g(Sep 1987), v. 2(24) p. 95-98
_wBR8802798
909 _a202311
_bLúcia
_c55
_dLúcia Elande
942 _2AGRIS
_n0
_cANA
999 _c123079
_d123079